| 000 | 02085nam0a2200373 4500 | ||
|---|---|---|---|
| 001 | RU\NLR\bibl\892154 | ||
| 005 | 20260607053501.0 | ||
| 010 |
_a5-93834-192-2 _945 |
||
| 021 |
_aRU _b2005-62082 _93047 |
||
| 035 | _a(NLR Aleph) 000880645 | ||
| 090 |
_a1656737 _c1656737 |
||
| 100 | _a20051222d2005 |||y0rusy50 ca | ||
| 101 | 0 | _arus | |
| 102 | _aRU | ||
| 105 | _aa ||||||||| | ||
| 200 | 1 |
_aПроблемы машиностроения и технического обслуживания в сфере сервиса. Радиоэлектроника, телекоммуникации и информационные технологии _eмежвузовский сборник научных трудов _fФедер. агентство по образованию, Гос. образоват. учреждение высш. проф. образования Юж.-Урал. гос. ун-т экономики и сервиса _g[редкол.: С.А. Кузнецов (пред.) и др.] |
|
| 210 |
_aШахты _cИзд-во ЮРГУЭС _d2005 |
||
| 215 |
_a80 с. _cил. _d28 |
||
| 320 | _aБиблиогр. в конце ст. | ||
| 606 | 1 |
_aМашиностроение _jСборники _91221571 _3RU\NLR\auth\66178864 |
|
| 606 | 1 |
_aРадиоэлектроника _jСборники _9983672 _3RU\NLR\auth\6652312 |
|
| 606 | 1 |
_aЭлектросвязь _jСборники _92082637 _3RU\NLR\auth\661258664 |
|
| 606 |
_aИнформационные технологии _jСборники _91740175 _3RU\NLR\auth\66778624 |
||
| 686 | _aК4я43 | ||
| 686 | _aЗ8я43 | ||
| 686 | _aЗ973.23я43 | ||
| 702 | 1 |
_4340 _7ca _8rus _aКузнецов _bС. А. _cд-р техн. наук _gСергей Анатольевич _916734 _3RU\NLR\auth\7733727 |
|
| 712 | 0 | 2 |
_4570 _aЮжно-Российский государственный университет экономики и сервиса _cШахты _9333515 _3RU\NLR\AUTH\889918691 |
| 801 | 0 |
_aRU _bNLR _c20051222 _grcr |
|
| 801 | 1 |
_aRU _bNLR _c20051222 |
|
| 942 | _cBOOK | ||
| 980 | _aNB | ||
| 980 | _aNBR | ||